[Event "Lidums Checkmate Op"]
[Site "Adelaide"]
[Date "2007.07.07"]
[Round "2.15"]
[White "Zulfic, Fedja"]
[Black "Sorokina, Anastasia"]
[Result "0-1"]
[Annotator "Anderson-Smith,William"]
[BlackElo "2201"]
[EventCountry "AUS"]
[EventDate "2007.07.07"]
[EventRounds "7"]
[EventType "swiss"]
[PlyCount "50"]
[WhiteElo "1809"]

{ D11: Slav Defence: 3 Nf3 sidelines and 3...Nf6 4 e3 Bg4 } 1. d4 d5 2. Nf3 Nf6
3. e3 Bg4 4. Nbd2 e6 5. c4 c6 6. Bd3 dxc4 $146 ( 6... Nbd7 7. O-O ( 7. h3 Bh5
8. b3 Bd6 9. Bb2 Qe7 10. Qc2 Bg6 11. Bxg6 hxg6 12. O-O O-O-O 13. e4 Nxe4 14.
Nxe4 dxe4 15. Qxe4 g5 16. d5 Nf6 17. Bxf6 gxf6 18. dxc6 f5 19. cxb7+ Kb8 20.
Qe2 g4 21. Ne5 Qxb7 { Scholz,C  ( 2399 ) -Kalka,A  ( 2386 ) /Germany 2002/CBM
088 ext/0-1}  )7... Be7 ( 7... Bd6 8. b3 Qe7 9. Bb2 e5 10. e4 dxe4 11. Nxe4
Nxe4 12. Bxe4 f5 13. dxe5 Nxe5 14. Qd4 Bxf3 15. Bxf3 Nxf3+ 16. gxf3 O-O-O 17.
Kh1 Qe2 18. Kg2 c5 19. Qc3 Qe6 20. f4 Qe4+ 21. Qf3 Qxf4 22. Qxf4 { Onischuk,A 
( 2627 ) -Dreev,A  ( 2676 ) /Cap d'Agde 2000/CBM 080/1/2-1/2  ( 33 )}  )8. Qc2
Bh5 ( 8... Rc8 9. h3 Bh5 10. c5 Qc7 11. b4 Bg6 12. Bb2 Bxd3 13. Qxd3 O-O 14.
Nh2 Ne8 15. f4 f5 16. Nhf3 Ndf6 17. Ng5 Qd7 18. Ndf3 Ra8 19. Ne5 Qc8 20. a4 Ne4
21. Nxe4 dxe4 22. Qb3 Nc7 23. b5 { Koltanowski,G-Piltz,K/Paris 1924/HCL/1-0  (
63 )}  )9. b3 Bg6 10. Bb2 Bxd3 11. Qxd3 O-O 12. Rae1 Qc7 13. e4 dxe4 14. Nxe4
Nxe4 15. Rxe4 Bf6 16. Qe3 c5 17. Ne5 cxd4 18. Nxd7 Qxd7 19. Bxd4 Bxd4 20. Rxd4
Qc7 21. Rfd1 { Capablanca,J-Villegas,B/Buenos Aires 1914/Capablanca/1-0  ( 33
)}  )( 6... Bd6 7. Qb3 Qc7 8. h3 Bh5 9. c5 Be7 10. Ne5 Nbd7 11. f4 b6 12. cxb6
axb6 13. Qc2 c5 14. g4 Bg6 15. Nxg6 hxg6 16. g5 Nh5 17. Bxg6 fxg6 18. Qxg6+ Kd8
19. Qxe6 Qd6 20. Qg4 g6 21. Nf3 { Wolpert,J-Zegada,J/Tel Aviv 1964/MCD/0-1  (
72 )}  )( 6... Nbd7 7. Qb3 Qc7 8. cxd5 cxd5 9. Ne5 Nxe5 10. dxe5 $15 )7. Bxc4 (
7. Nxc4 Qd5 $14 )7... Nbd7 $11 8. a3 { Covers b4}  8... Be7 9. O-O O-O 10. b4
e5 ( 10... b5 11. Bd3 $11 )11. Qc2 $11 exd4 12. Nxd4 Ne5 13. Ba2 a5 14. bxa5
Rxa5 15. Bb2 Ng6 16. Ne4 Rh5 ( 16... Nxe4 17. Qxe4 Qc8 18. f4 $11 )17. Ng3 $14
{ White threatens to win material: Ng3xh5}  17... Rc5 { Black threatens to win
material: Rc5xc2}  18. Qb3 Qc8 19. a4 Ra5 20. Bc3 { White threatens to win
material: Bc3xa5}  20... Ra7 ( 20... Ra8 21. Qb1 $14 )21. Bb1 Nh4 22. Qc2 g6 {
Controls f5}  23. Nde2 $4 { with this move White loses his initiative}  ( 23.
Ba2 $16 $142)23... Bf3 $17 24. Nf4 Bxg2 25. Nxg2 $4 { cause more grief}  ( 25.
Nf5 $142 Qxf5 26. Qxf5 gxf5 27. Nxg2 Nf3+ 28. Kh1 $17 )25... Nf3+ ( 25... Nf3+
26. Kh1 Qh3 27. Qxg6+ hxg6 28. Bxf6 Qxh2# ) 0-1

[Event "Lidums Checkmate Op"]
[Site "Adelaide"]
[Date "2007.07.07"]
[Round "2.16"]
[White "Morris, James"]
[Black "Huynh, Arthur"]
[Result "1-0"]
[Annotator "Anderson-Smith,William"]
[BlackElo "1833"]
[EventCountry "AUS"]
[EventDate "2007.07.07"]
[EventRounds "7"]
[EventType "swiss"]
[PlyCount "125"]
[WhiteElo "2035"]

{ E12: Queen's Indian: Unusual White 4th moves, 4 a3, 4 Nc3 Bb7 5 a3 and 4 Nc3
Bb7 } 1. d4 Nf6 2. c4 e6 3. Nf3 b6 4. a3 Bb7 5. Nc3 c5 6. e3 Be7 ( 6... a6 7.
Bd3 cxd4 8. exd4 d5 9. Bg5 dxc4 10. Bxc4 Be7 11. O-O O-O 12. Re1 Nc6 13. Ba2 h6
14. Bf4 Bd6 15. Bxd6 Qxd6 16. d5 exd5 17. Nxd5 Nxd5 18. Qxd5 Qf6 19. Qd7 Rab8
20. Re2 Ba8 21. Rae1 { Andersson,U  ( 2600 ) -Miles,A  ( 2565 ) /Wijk aan Zee
1987/CBM 002/1/2-1/2}  )7. Bd3 $146 ( 7. Be2 Qc7 8. O-O Ng4 9. d5 h5 10. Nb5
Qc8 11. dxe6 dxe6 12. Nd6+ Bxd6 13. Qxd6 Qc6 14. Qg3 f5 15. h4 Nd7 16. Ng5 Nge5
17. f4 Ng4 18. Bf3 Qc7 19. Nxe6 Qc8 20. Nxg7+ Kf7 21. Nxf5 Ke6 {
Smink,P-Escudero,L/San Luis 2006/CBM 110 ext/1-0}  )( 7. d5 exd5 ( 7... d6 8.
e4 e5 9. Bd3 O-O 10. O-O Ne8 11. b4 Nd7 12. Be3 g6 13. Qc1 Ng7 14. Ne1 f5 15.
f3 f4 16. Bf2 h5 17. Be2 Bh4 18. g3 Bg5 19. Qc2 fxg3 20. hxg3 h4 21. g4 Nf6 22.
Nd3 { Vukovic,N  ( 2235 ) -Lovric,B  ( 2372 ) /Rijeka 2001/CBM 085 ext/1-0  (
57 )}  )8. cxd5 d6 9. e4 O-O 10. Nd2 Re8 11. Be2 Ba6 12. O-O Bf8 13. f3 Bxe2
14. Qxe2 a6 15. a4 Nbd7 16. Nc4 Ne5 17. b3 g6 18. Kh1 Bg7 19. Bd2 Nxc4 20. bxc4
Nd7 21. Rae1 f5 { Gheorghiu,F  ( 2540 ) -Seirawan,Y  ( 2485 ) /Lone Pine
1979/MCL/1/2-1/2}  )( 7. d5 d6 $14 )7... O-O 8. O-O ( 8. d5 h6 9. Qc2 a6 $14
)8... d5 $11 9. cxd5 exd5 10. dxc5 bxc5 11. b3 Nc6 12. Bb2 Qd7 ( 12... Na5 13.
Rb1 $11 )13. Qc2 $16 g6 { Prevents intrusion on f5}  ( 13... Rad8 14. Rad1 $16
)14. Na4 Ne4 15. Bxe4 dxe4 16. Nd2 ( 16. Qxe4 $6 Nd4 17. Ne5 Qb5 18. Nxg6 Bxe4
19. Nxe7+ Kh8 20. Nxc5 f6 21. Bxd4 Qe8 22. Nxe4 Qxe7 $14 )16... Qd3 17. Rfc1
Qxc2 18. Rxc2 Na5 ( 18... Rac8 19. Nxc5 Ne5 20. Bxe5 Bxc5 21. Bf6 $16 )19. Nxc5
Rac8 20. Rac1 Bxc5 21. Rxc5 Rxc5 22. Rxc5 Rd8 23. Bc3 ( 23. Bd4 $142 Nc6 24.
Bc3 $18 )23... Nxb3 $11 24. Rb5 Nxd2 25. Rxb7 Nc4 26. Bd4 { White threatens to
win material: Bd4xa7}  26... Nxa3 27. Rxa7 Nb5 28. Ra4 Nxd4 29. exd4 ( {
Instead of } 29. Rxd4 Rxd4 30. exd4 f5 $17 )29... f5 30. Kf1 Kf7 31. Ke2 Ke6
32. Ke3 Rd7 33. Ra6+ Kd5 34. Ra5+ Ke6 35. g4 Rc7 $2 ( 35... Rd5 $5 $142 { and
Black could well hope to play on}  36. Ra6+ Rd6 $11 )36. gxf5+ $16 gxf5 37.
Re5+ Kf6 ( 37... Kd6 $5 $142 38. Rxf5 Rc3+ 39. Kxe4 Rh3 $16 )38. Kf4 $18 Rc2 $2
( 38... Kg6 39. Rxf5 Rc1 40. Kxe4 Rh1 $18 )39. Rxf5+ Ke6 40. Re5+ ( 40. Kxe4
$142 { secures the win}  40... Re2+ 41. Kd3 $18 )40... Kd6 $16 41. Ke3 Rc3+ 42.
Kxe4 Rh3 43. f4 Rxh2 44. Rd5+ Ke6 45. Ra5 h5 46. Re5+ ( 46. d5+ Ke7 $16 )46...
Kd6 47. f5 h4 48. f6 ( 48. Re6+ Kd7 $14 )48... Rf2 { Black threatens to win
material: Rf2xf6}  ( 48... h3 $5 $11)49. Rf5 $14 Re2+ $4 ( 49... Rxf5 $142 {
this is the best way to fight back}  50. Kxf5 h3 $14 )50. Kf3 $18 Re8 51. d5 (
51. Kg4 $142 { and White wins}  51... Rh8 52. f7 Ke7 $18 )51... Rg8 52. Kf4 (
52. f7 Rf8 53. Kg4 $18 )52... h3 $16 53. Rh5 { White threatens to win material:
Rh5xh3}  53... Rf8 $4 { causes further problems for ?}  ( 53... Rg6 $16
$142)54. Kf5 $18 Kxd5 55. Rxh3 Kd6 56. Rd3+ ( 56. Ra3 { and White can already
relax}  56... Kc5 $18 )56... Kc7 ( 56... Kc5 { does not win a prize}  57. Ke6
$18 )57. Kg6 Rg8+ 58. Kf7 Rg1 59. Kf8 Rf1 60. f7 Rf4 ( 60... Kc6 { a fruitless
try to alter the course of the game}  61. Re3 $18 )61. Rg3 Kd7 62. Kg7 Ke7 63.
Re3+ ( 63. Re3+ Kd7 64. f8=Q Rxf8 65. Kxf8 $18 ) 1-0

[Event "Lidums Checkmate Op"]
[Site "Adelaide"]
[Date "2007.07.07"]
[Round "2.17"]
[White "Rigo, Bernard"]
[Black "Dizdarevic, Mehmedalija"]
[Result "1-0"]
[Annotator "Anderson-Smith,William"]
[BlackElo "1956"]
[EventCountry "AUS"]
[EventDate "2007.07.07"]
[EventRounds "7"]
[EventType "swiss"]
[PlyCount "87"]
[WhiteElo "1827"]

{ B01: Scandinavian Defence } 1. e4 d5 2. exd5 Nf6 3. Nf3 Bg4 4. d4 Qxd5 5. Be2
Nc6 6. h3 ( 6. Be3 e5 7. Nc3 Bb4 8. O-O Bxc3 9. bxc3 e4 10. Nd2 Bxe2 11. Qxe2
O-O 12. Rfb1 a6 13. a4 Rfe8 14. Nb3 b6 15. c4 Qf5 16. a5 bxa5 17. Nc5 Rad8 18.
c3 Rd6 19. Rb7 Nh5 20. Rxc7 Rg6 { Kolev,A  ( 2568 ) -Damaso,R  ( 2412 ) /Skopje
2002/CBM 088/1-0  ( 31 )}  )6... Bf5 7. Nc3 { White threatens to win material:
Nc3xd5}  ( 7. c4 Qd6 8. O-O e6 9. Nc3 O-O-O 10. Be3 Qb4 11. Qc1 h6 12. Nb5 a6
13. a3 Qe7 14. Nc3 g5 15. b4 g4 16. hxg4 Bxg4 17. b5 Nb8 18. Ne5 Bxe2 19. Nxe2
Rg8 20. a4 Ng4 21. Rb1 Qh4 { Stojic,S  ( 1981 ) -Dizdarevic,M/Brisbane 2006/CBM
110 ext/1-0  ( 42 )}  )7... Qa5 $146 { White has an active position}  ( 7...
Qd6 8. d5 Nb4 9. Nd4 Bg6 10. a3 Nbxd5 11. Ndb5 Qd7 12. Nxd5 Nxd5 13. Qxd5 Qxd5
14. Nxc7+ Kd7 15. Nxd5 Bxc2 16. Bf4 e6 17. Bb5+ Kd8 18. Nc7 Rc8 19. Rc1 Be4 20.
Rd1+ Ke7 21. Bg5+ { 1-0 Littlewood,J  ( 2244 ) -Taylor,E/Liverpool 2006/CBM 114
ext}  )8. Bb5 { White has a very active position}  8... e6 { White has an
active position}  9. O-O { White castles and improves king safety}  9... Bd6 $2
( 9... Bb4 10. Bxc6+ bxc6 11. Nh4 $11 )10. Qe2 { White has an active position} 
( 10. Nd2 $142 Qb4 11. Nc4 $16 )10... O-O $11 11. Bxc6 bxc6 { Black has the
pair of bishops}  12. Ne5 { White threatens to win material: Ne5xc6}  12... Qb6
{ Black threatens to win material: Qb6xd4}  13. Rd1 { White has an active
position}  13... Rfd8 14. Nc4 { White threatens to win material: Nc4xb6}  14...
Qa6 15. Nxd6 Qxe2 16. Nxe2 cxd6 17. c4 Rab8 18. b3 Bc2 { Black threatens to win
material: Bc2xd1}  19. Rd2 Be4 20. Ba3 a5 ( 20... h5 21. f3 Bh7 22. g4 $11 )21.
f3 $14 { White threatens to win material: f3xe4}  21... Bg6 22. Nc3 h5 23. h4
Rb7 24. Re1 Rbb8 25. Red1 Bf5 26. Kf2 { White king safety dropped}  26... Ne8
27. Na4 Nc7 28. Bb2 Ra8 29. Rc1 Ra7 30. Rdd1 Na6 31. Bc3 { White threatens to
win material: Bc3xa5}  31... Nc7 ( 31... Nb4 32. Ra1 $11 )32. Be1 Rb8 33. Kg3 {
White king safety dropped}  33... Kf8 34. Bf2 Rab7 35. Be1 { White threatens to
win material: Be1xa5}  35... Ra7 36. Bf2 { Twofold repetition}  36... Ra6 (
36... Rab7 37. Nc3 $14 )37. Kh2 { White king safety improved}  37... Rd8 38.
Bg3 Ne8 39. Be1 Ke7 40. Bg3 f6 { Secures e5}  ( 40... Kf8 41. Bf4 $14 )41. Rd2
g5 ( 41... Ra7 42. Bf2 $14 )42. Rcd1 ( 42. hxg5 fxg5 43. c5 d5 $16 )42... Ra7
43. Be1 ( 43. hxg5 fxg5 44. c5 d5 $16 )43... d5 ( 43... g4 44. d5 cxd5 45. cxd5
gxf3 46. gxf3 $14 )44. c5  1-0

[Event "Lidums Checkmate Op"]
[Site "Adelaide"]
[Date "2007.07.07"]
[Round "2.18"]
[White "Jackson, Ralph E"]
[Black "Gibbs, Glen B"]
[Result "1-0"]
[Annotator "Anderson-Smith,William"]
[BlackElo "1800"]
[EventCountry "AUS"]
[EventDate "2007.07.07"]
[EventRounds "7"]
[EventType "swiss"]
[PlyCount "33"]
[WhiteElo "1938"]

{ D05: Colle System with ...e6 } 1. d4 d5 2. Nf3 Nf6 3. e3 c6 4. Bd3 e6 5. O-O
Nbd7 6. Nbd2 Be7 7. Re1 ( 7. Qe2 Qc7 8. e4 dxe4 9. Nxe4 c5 10. Re1 h6 11. Nc3
cxd4 12. Nxd4 Nc5 13. Bb5+ Bd7 14. b4 a6 15. Bc4 b5 16. Nd5 Qd8 17. Nxe7 Qxe7
18. Nf5 Qd8 19. bxc5 bxc4 20. c6 Bxc6 21. Ba3 Qa5 { Tabatt,H  ( 2223 ) -Jule,A 
( 1744 ) /Queenstown 2006/CBM 110 ext/1-0  ( 55 )}  )7... O-O 8. c3 $146 {
Consolidates b4}  ( 8. e4 dxe4 9. Nxe4 Nxe4 ( 9... b6 10. c3 Bb7 11. Qe2 c5 12.
Bf4 cxd4 13. cxd4 Nxe4 14. Bxe4 Bxe4 15. Qxe4 Nf6 16. Qb7 Nd5 17. Bg3 Qc8 18.
Qxc8 Raxc8 19. Rec1 Nb4 20. Rc3 Nd5 21. Rcc1 f6 22. Kf1 Kf7 23. Ke2 g5 24. Ne1
{ Valette,C  ( 2140 ) -Sanchez,J  ( 2410 ) /Nice 2003/CBM 095 ext/0-1  ( 38 )} 
)10. Rxe4 g6 11. Bh6 Re8 12. Ne5 Nxe5 13. dxe5 Bg5 14. Bxg5 Qxg5 15. h4 Qe7 16.
h5 Bd7 17. Qd2 Kg7 18. Rae1 Rad8 19. Rg4 c5 20. Re3 Bc6 21. Reg3 Rd4 22. f4 Be4
{ Kahn,P-Rother,J/Dresden 2001/CBM 084 ext/1/2-1/2}  )( 8. e4 Nh5 $16 )8... Qc7
( 8... c5 9. Qe2 $11 )9. e4 dxe4 10. Nxe4 Nxe4 ( 10... c5 11. Bg5 $14 )11. Rxe4
$16 c5 12. Bg5 { White threatens to win material: Bg5xe7}  ( 12. Qe2 cxd4 13.
Bf4 Qb6 14. Rxd4 Rd8 $16 )12... Nf6 ( 12... Bxg5 $5 13. Nxg5 h6 $14 )13. Rh4
$16 h6 $2 ( 13... Rd8 14. Ne5 cxd4 15. Bxh7+ Nxh7 16. Bxe7 Qxe7 $18 )14. Bxh6
$1 $18 { Decoy: h6}  14... gxh6 15. Qd2 Nd5 $4 { shortens the misery for Black}
 ( 15... Ne4 16. Rxe4 f5 $18 )16. Qxh6 Bxh4 ( 16... Qxh2+ { is no salvation} 
17. Rxh2 Nxc3 18. Qh7# )17. Qh7#  1-0

[Event "Lidums Checkmate Op"]
[Site "Adelaide"]
[Date "2007.07.07"]
[Round "2.19"]
[White "Cloudsdale, Colin"]
[Black "Amini, Amir"]
[Result "0-1"]
[Annotator "Anderson-Smith,William"]
[BlackElo "1758"]
[EventCountry "AUS"]
[EventDate "2007.07.07"]
[EventRounds "7"]
[EventType "swiss"]
[PlyCount "115"]
[WhiteElo "1929"]

{ B79: Sicilian Dragon: Yugoslav Attack, 9 Bc4 Bd7 10 0-0-0 Qa5 } 1. e4 c5 2.
Nf3 d6 3. d4 cxd4 4. Nxd4 Nf6 5. Nc3 g6 6. f3 Bg7 7. Be3 O-O 8. Qd2 Nc6 9. Bc4
Bd7 10. O-O-O Ne5 11. Bb3 Qa5 12. Kb1 Rfc8 13. h4 Nc4 14. Bxc4 Rxc4 15. Nd5
Qxd2 16. Rxd2 ( 16. Nxf6+ Bxf6 17. Rxd2 Rac8 18. h5 a5 19. hxg6 hxg6 20. g4 a4
21. a3 Bc6 22. c3 Be5 23. Rdd1 Kg7 24. Bh6+ Kg8 25. Be3 e6 26. Rh3 Kf8 27. Rdh1
Ke7 28. Rh7 d5 29. Bg5+ Bf6 30. Bxf6+ Kxf6 { Langers,A-Kortenbusch,C  ( 2070 )
/Recklinghausen 2005/CBM 107 ext/1/2-1/2  ( 31 )}  )16... Nxd5 17. exd5 Rac8
18. h5 b5 $146 ( 18... a5 19. hxg6 hxg6 20. g4 a4 21. Ne2 Rb4 22. Bd4 Bxd4 23.
Nxd4 Kg7 24. c3 Rxc3 25. g5 Rc8 26. Rdh2 Rg8 27. Rh7+ Kf8 28. R7h4 Rb6 29. a3
Ke8 30. Rh8 Rf8 31. R8h2 Ra6 32. Rd1 Ra5 33. Ne2 { Kohari,T-Velasquez,M/Dubai
1986/TD/0-1  ( 55 )}  )19. hxg6 hxg6 { Black king safety dropped.}  20. Re1 a5
21. g4 Kf8 22. Nb3 a4 { Black gains space}  23. Nc1 ( 23. Na5 R4c7 24. Bb6 a3
$11 )23... Bf6 ( 23... a3 24. b3 R4c7 25. Rh2 $15 )24. Ne2 b4 25. Bd4 Bxd4 26.
Nxd4 R4c5 27. Ne2 Bb5 28. c3 ( 28. Nf4 R8c7 $15 )28... Bxe2 ( 28... Bc4 $5 29.
Rh1 R8c7 30. cxb4 Rxd5 31. Rxd5 Bxd5 $17 )29. cxb4 $11 ( { Worse is } 29. Rdxe2
bxc3 30. Rxe7 Rb8 $17 )29... Rc4 { Black threatens to win material: Rc4xb4} 
30. Rdxe2 R8c7 31. a3 { White has a new protected passed pawn: b4}  31... Rd4 {
Black threatens to win material: Rd4xd5}  32. Rc2 { White threatens to win
material: Rc2xc7}  32... Ra7 33. Ka2 ( 33. Rc8+ Kg7 $14 )33... Rxd5 $11 34. Re3
Rd4 35. b3 e5 36. bxa4 Rxa4 { White has a new passed pawn: a3}  37. Kb3 { White
threatens to win material: Kb3xa4}  37... Ra8 38. a4 Rd1 39. a5 { White wins
space}  39... Ke7 40. Rc7+ Ke6 41. Rec3 ( 41. Kc2 Ra1 $14 )41... f5 ( 41...
Rb1+ 42. Ka4 Rb8 43. Rb3 Ra1+ 44. Ra3 $11 )42. R7c6 $14 fxg4 43. fxg4 { Black
has a new protected passed pawn: e5.}  43... Rd4 ( 43... e4 $5 $14 { deserves
consideration} )44. a6 $16 Kd5 $2 ( 44... Rxg4 $142 45. Rd3 Kf5 46. Rcxd6 Rg1
$16 )45. b5 $18 Rd1 ( 45... Rxg4 46. Rc8 Ra7 47. R3c7 Rg3+ 48. Kb4 Rg4+ 49. Ka5
Rxc7 50. Rxc7 $18 )46. Rc8 Ra7 ( 46... Rxc8 { doesn't get the cat off the tree}
 47. Rxc8 Rb1+ 48. Kc2 Rxb5 $18 )47. R3c7 { White threatens to win material:
Rc7xa7}  ( 47. Rc1 Rxc1 48. Rxc1 Ke6 $18 )47... Rb1+ $4 ( 47... Rxc7 48. Rxc7
Rb1+ 49. Ka4 Ra1+ 50. Kb4 e4 $18 )48. Ka4 $18 Rxc7 ( 48... Ra1+ { is not much
help}  49. Kb4 R7xa6 50. bxa6 Rxa6 51. Rg7 $18 )49. Rxc7 e4 ( 49... Ra1+ {
doesn't change the outcome of the game}  50. Kb4 e4 51. a7 $18 )50. Ka5 e3 51.
Kb6 ( 51. a7 $142 { and White has prevailed}  51... Ra1+ 52. Kb6 $18 )51... e2
52. Re7 $4 { ignoring the path to victory}  ( 52. a7 $142 e1=Q 53. a8=Q+ Kd4
54. Qa2 $18 )52... Kc4 ( 52... e1=Q $142 { makes sure everything is clear}  53.
Rxe1 Rxe1 $19 )53. a7 $4 { Loses material. spoils everything}  ( 53. Rxe2 $142
{ and White has it in the bag}  53... Rxb5+ 54. Kc7 $18 )53... Rxb5+ $11 54.
Ka6 Rb2 55. a8=Q Ra2+ { Black skewers: a8}  56. Kb7 Rxa8 57. Rxe2 ( 57. Kxa8
$142 { would keep White alive}  57... Kd3 58. Kb7 $11 )57... Rf8 ( 57... Rg8
58. Rc2+ Kd3 59. Rc6 $19 )58. Re7 { Following moves unknown}   0-1

[Event "Lidums Checkmate Op"]
[Site "Adelaide"]
[Date "2007.07.07"]
[Round "2.20"]
[White "Slidziunas, John"]
[Black "Stojic, Svetozar"]
[Result "1-0"]
[Annotator "Anderson-Smith,William"]
[BlackElo "1919"]
[EventCountry "AUS"]
[EventDate "2007.07.07"]
[EventRounds "7"]
[EventType "swiss"]
[PlyCount "64"]
[WhiteElo "1671"]

{ D02: 1 d4 d5 2 Nf3 sidelines, including 2...Nf6 3 g3 and 2...Nf6 3 Bf4 } 1.
Nf3 Nf6 2. g3 d5 3. Bg2 c6 4. O-O Bf5 5. d4 h6 6. c3 ( 6. Re1 e6 7. Nbd2 ( 7.
c4 Nbd7 8. b3 Be7 9. Nc3 O-O 10. Bb2 Ne4 11. Nd2 Ndf6 12. Ncxe4 Nxe4 13. Nxe4
Bxe4 14. Bxe4 dxe4 15. Qc2 f5 16. f3 Bb4 17. Red1 exf3 18. exf3 Qg5 19. f4 Qg4
20. Qg2 Rad8 21. a3 Be7 { Faure,S  ( 2143 ) -Lacroix,R  ( 2075 ) /Besancon
2006/CBM 113 ext/0-1  ( 38 )}  )7... Nbd7 8. c3 Be7 9. Qb3 Qb6 10. Qxb6 axb6
11. a3 b5 12. Ne5 Nxe5 13. dxe5 Nd7 14. f4 b4 15. e4 dxe4 16. Bxe4 bxc3 17.
bxc3 Nc5 18. Bxf5 exf5 19. Nc4 O-O 20. Be3 Ne4 { Gagarkine,N  ( 2061 )
-Pitschka,K  ( 2230 ) /Pardubice 2005/CBM 107 ext/0-1  ( 50 )}  )6... e6 7. b3
$146 ( 7. Nbd2 Nbd7 8. Qb3 Qb6 9. Rd1 c5 10. Qxb6 axb6 11. Nb3 Bc2 12. Be3 Bxd1
13. Rxd1 Rxa2 14. dxc5 bxc5 15. Bc1 Be7 16. Nfd2 O-O 17. e4 Rd8 18. exd5 exd5
19. Nf1 c4 20. Nd4 Nc5 21. Be3 Rxb2 { Binkert,O-Kiefhaber,H/Heidelberg
1989/GER/0-1}  )7... Be7 8. Ba3 O-O 9. Bxe7 Qxe7 10. Nbd2 Na6 11. Ne5 Nc7 12.
Ndf3 Nb5 { Black threatens to win material: Nb5xc3}  13. c4 { White threatens
to win material: c4xb5}  13... Nc3 { Black threatens to win material: Nc3xd1} 
14. Qe1 Nfe4 $4 { Black lets it slip away}  ( 14... Nce4 15. Nd2 $11 )15. Nd3
$4 { White prepares c5. releasing the pressure on the opponent}  ( 15. Nh4 $142
dxc4 16. f3 cxb3 17. axb3 Nxe2+ 18. Qxe2 $18 )15... b5 16. c5 { White gets more
space}  16... a5 17. Nfe5 Rfc8 $2 ( 17... f6 $142 { and Black can hope to live}
 18. Nxc6 Qc7 $11 )18. f3 $18 Ng5 $2 ( 18... f6 19. fxe4 Nxe4 $18 )19. g4 {
White threatens to win material: g4xf5}  ( 19. Qxc3 $5 $142 { might be the
shorter path}  19... f6 20. Ng4 Re8 $18 )19... Bh7 $2 ( 19... Bxd3 $5 { is
noteworthy}  20. exd3 b4 $11 )20. h4 ( 20. Qxc3 $142 f6 21. h4 fxe5 22. hxg5
exd4 23. Qxd4 Bxd3 24. exd3 $18 )20... Nge4 $4 { terrible, but the game is lost
in any case}  ( 20... b4 $142 21. hxg5 hxg5 $18 )21. fxe4 $18 dxe4 ( 21... f6 {
doesn't change anything anymore}  22. Qxc3 dxe4 23. Nxc6 Rxc6 24. Nf2 $18 )22.
Nf4 ( 22. Rxf7 { seems even better}  22... Qe8 23. Qxc3 exd3 24. exd3 Bg6 $18
)22... Qd8 ( 22... b4 { is not much help}  23. g5 $1 $18 { sealing the
opponent's fate}  )23. e3 ( 23. Qxc3 $5 { keeps an even firmer grip}  23... Rc7
24. h5 a4 $18 )23... Ra7 ( 23... b4 $18 { doesn't get the cat off the tree}
)24. Qg3 ( 24. Qxc3 $142 { ends the debate}  24... Qxh4 25. a4 f6 26. Nxc6 b4
27. Nxa7 bxc3 28. Nxc8 Qxg4 $18 )24... Nd5 $4 { the position was bad, and this
mistake simply hastens the end}  ( 24... f6 $142 25. Neg6 b4 $18 )25. g5 hxg5 (
25... Bf5 { doesn't improve anything}  26. gxh6 f6 27. Neg6 $18 )26. hxg5 Bf5 (
26... Nxe3 { doesn't do any good}  27. Qxe3 Qxg5 28. Kf2 $18 )27. Bh3 ( 27. g6
Nxf4 28. Rxf4 f6 29. Bxe4 fxe5 30. Bxf5 exf4 31. Bxe6+ Kf8 32. Qxf4+ Qf6 $18
)27... Nc3 ( 27... Nxe3 { hardly improves anything}  28. Qxe3 Qxg5+ 29. Kf2 $18
)28. Rf2 ( 28. Bxf5 $142 { makes it even easier for White}  28... exf5 29. Qh4
Re7 $18 )28... a4 ( 28... g6 29. Rh2 Qf8 30. Kg2 $18 )29. bxa4 ( 29. Bxf5 exf5
30. Qh4 axb3 31. Rh2 $18 )29... Rxa4 ( 29... g6 { the only chance to get some
counterplay}  30. axb5 Nxb5 31. Bxf5 exf5 $18 )30. Bxf5 exf5 31. g6 fxg6 32.
Qxg6 ( 32. Nfxg6 Ne2+ 33. Rxe2 Rxd4 34. Rh2 Rd1+ 35. Rxd1 Qxd1+ 36. Kg2 Qe2+
37. Qf2 Qg4+ 38. Nxg4 f4 39. Qxf4 Rd8 40. Rh8# )32... Ra7  1-0